000 00647nam a2200241Ia 4500
003 OSt
005 20220918174835.0
006 a|||||r|||| 00| 0
007 ta
008 220917b |||||||| |||| 00| 0 eng d
024 _a14,377
037 _cTextual
040 _aARTS
_cARTS
_beng
041 _2eng
_aeng
082 _aNQ56,3aN83, M2
100 _aCrown Katherine
_951947
245 0 _aJohn Linnell
_b A contennial exhibition
260 _aCambridge
_bCambriedge Univ
_c1982
300 _axxvii, 107p.
_ccm.
650 _aARTS
942 _hNQ56,3aN83, M2
_cTEXL
_2CC
999 _c154925
_d154925